000 004270000a22001210004500
090 _aAR
_b04199
245 1 0 _aDistributional ecology and abundance of dung and carrion-feeding beetles (Scarabaeidae) in tropical rain forests in Sarawak, Borneo
041 0 _aInglés
500 _a<Literatura de escarabajos coprófagos>
100 1 _aHanski, Ilkka
_912853
942 _cARTICULO
773 1 _tActa Zoologica Fennica
_q1-45
_d1983
_g167
999 _c13296
_d13296